Logo BPK

Biblioteka

Politechniki Koszalińskiej

Vademecum zatruć : (Rekord nr 36087)

Szczegóły MARC
000 -ETYKIETA REKORDU
podpole kontrolne o stałej długości 00917nam a2200253 i 4500
001 - NUMER KONTROLNY REKORDU
pole kontrolne bg
020 ## - MIĘDZYNARODOWY ZNORMALIZOWANY NUMER KSIĄŻKI - ISBN
ISBN 8320018633
040 ## - ŹRÓDŁO KATALOGOWANIA
Instytucja, która utworzyła rekord BPK
041 1# - KOD JĘZYKA
Kod języka tekstu pl
Kod języka oryginału en
080 ## - UNIWERSALNA KLASYFIKACJA DZIESIĘTNA - UKD
UKD 616-099
920 ## - Międzynarodowy znormalizowany numer książki – ISBN
ISBN 83-200-1863-3
008 - POLE O STAŁEJ DŁUGOŚCI - DANE KONTROLNE
podpole kontrolne o stałej długości s pl f |000 0 pol
100 1# - NAZWA OSOBOWA
Nazwa osobowa DREISBACH, Robert Hastings
245 10 - TYTUŁ/ODPOWIEDZIALNOŚĆ
Tytuł Vademecum zatruć :
Ciąg dalszy tytułu zapobieganie, rozpoznawanie i postępowanie /
Pozostałe elementy strefy tytułu i oznaczenia odpowiedzialności Robert H. Dreisbach, William O. Robertson ; z ang. przetł. Józef Mészáros, Waleria Hryniewicz.
246 ## - WARIANT TYTUŁU
Treść wyrażenia wprowadzającego Tyt. oryg.:
Tytuł Handbook of poisoning : prevention, diagnosis and treatment
250 ## - STREFA WYDANIA
Oznaczenie wydania Wyd. polskie 3.
260 ## - STREFA ADRESU WYDAWNICZEGO
Miejsce wydania Warszawa :
Nazwa wydawcy/dystrybutora Wydaw. Lekarskie PZWL,
Data publikacji, dystrybucji/powstania dokumentu 1995.
300 ## - STREFA OPISU FIZYCZNEGO
Objętość 604 s. :
Inne cechy fizyczne rys., wykr. ;
Rozmiary 20 cm.
500 ## - UWAGI OGÓLNE
Tekst uwagi Oryg. : "Handbook of poisoning : prevention, diagnosis and treatment".
504 ## - UWAGA DOTYCZĄCA BIBLIOGRAFII
Informacje o bibliografii Bibliogr. przy rozdz. - Indeks.
650 #9 - HASŁO PRZEDMIOTOWE W FORMIE NAZWY OGÓLNEJ LUB JEDNOSTKOWEJ
Nazwa ogólna lub geograficzna Zatrucia
700 1# - HASŁO DODATKOWE - NAZWA OSOBOWA
Nazwa osobowa ROBERTSON, William O.
856 ## - LOKALIZACJA I DOSTĘP DO ELEKTRONICZNYCH DOKUMENTÓW ZDALNYCH
Link (URL) http://koha.tu.koszalin.pl/cgi-bin/koha/opac-detail.pl?biblionumber=36087
Tekst linku Katalog online BPK
942 ## - DODATKOWE ELEMENTY (KOHA)
Typ dokumentu Książka
Egzemplarze
Wycofany Status egzemplarza Uszkodzony Dostępność Lokalizacja stała Lokalizacja bieżąca Miejsce przechowywania Sygnatura Kod kreskowy Dział Typ dokumentu
      Tylko na miejscu Biblioteka Politechniki Koszalińskiej Biblioteka Politechniki Koszalińskiej Czytelnia BG 49704 01435931 615.9 Toksykologia Książka
© 2023 Biblioteka Politechniki Koszalińskiej :: KOHA